00618nam a2200181 a 450000100100000000500170001000800410002702000150006804000250008308200220010810000210013024500570015125000120020826000490022030000210026950000920029058600540038200003436420200930073647.0111003s1995 co 000 0 spa d a8482808947 aDO-SdBNPbspacBNPHU axxxxbS487n, 19951 aSerrano, Marcela10aNosotras que nos queremos tanto. /cMarcela Serrano. a18a ed. aSantafé de Bogotá :bOveja Negra,c1995. a295 p. ;c22 cm. aEn la cubierta: Premio a la mejor novela hispanoamericana de 1994 escrita por una mujer aPremio a la mejor novela hispanoamericana de 1994